000 00941nam a2200229 a 4500
001 000027718
005 20240305085107.0
008 110404s1973 cl 000 | spa d
040 _aDO-SdBNP
_bspa
_cBNPHU
082 _a344.092
_bR426L
110 2 _aRepública Dominicana.
_9447
240 1 0 _a[Leyes, etc.]
245 1 0 _aLegislación bibliotecaria de América Latina :
_bRepública Dominicana /
_crecogida por Luis Florén Lozano ; con la colaboración de Próspero Mella Chavier ; introducción de Tomas Báez Díaz.
260 _aMedellín, Colombia :
_bUniversidad de Antioquia,
_c1973.
300 _a98 p. ;
_c21 cm.
590 _aInventariado,2018/DG
650 4 _aLegislación bibliotecaria
_zRepública Dominicana
_954794
650 4 _aAdministración de bibliotecas
_948383
700 1 2 _aFlorén , Luis,
_d1913-1973
_ecomp.
_954795
700 1 2 _aMella Chavier, Próspero,
_ecol.
_910798
910 _aValidado. Control de calidad MFF
999 _c27210
_d27210